| 000 | 01415nam a22003135a 4500 | ||
|---|---|---|---|
| 999 |
_c23538 _d23510 |
||
| 003 | EG-ScBUE | ||
| 005 | 20210809114501.0 | ||
| 008 | 161127s2015 ua f b 000 0 ara d | ||
| 017 | _a2014 / 23904 | ||
| 020 | _a9789770476826 | ||
| 040 |
_aEG-ScBUE _bara _erda _cEG-ScBUE _dEG-ScBUE |
||
| 043 | _af-ua--- | ||
| 082 | 0 | 4 |
_a345.62 _bس ر و _222 |
| 100 | 1 |
_aسرور، أحمد فتحي، _d1932- _eمؤلف. |
|
| 245 | 1 | 2 |
_aالوسيط في قانون العقوبات. _pالقسم العام : _bقانون العقوبات ونطاق تطبيقه - التجريم والإباحة - الجريمة - المجرم - العقوبة / _cالدكتور أحمد فتحي سرور، الأستاذ المتفرغ للقانون الجنائي، كلية الحقوق-جامعة القاهرة والمحامي بالنقض. |
| 250 |
_aالطبعة السادسة، _bمطورة ومحدثة. |
||
| 264 | 1 |
_aالقاهرة : _bدار النهضة العربية، _c2015. |
|
| 300 |
_a1193 صفحة ؛ _c24 سم |
||
| 336 |
_2rdacontent _aنص _btxt |
||
| 337 |
_2rdamedia _aبدون وسيط _bn |
||
| 338 |
_2rdacarrier _aمجلد _bnc |
||
| 504 | _aيشتمل على إرجاعات ببليوجرافية. | ||
| 541 | _aBook fair 2021. | ||
| 650 | 7 |
_aقانون العقوبات _zمصر. _2BUEsh _941137 |
|
| 651 | _2BUEsh | ||
| 653 |
_bLLAAWW _cDecember2016 |
||
| 655 |
_vReading book _934232 |
||
| 942 | _2ddc | ||